HOSPITAL AND CLINICAL PHARMACY [ D.PHARMA. 2ND YEAR] (Record no. 8703)

MARC details
000 -LEADER
fixed length control field 00560nam a22001817a 4500
005 - DATE AND TIME OF LATEST TRANSACTION
control field 20240926115501.0
008 - FIXED-LENGTH DATA ELEMENTS--GENERAL INFORMATION
fixed length control field 240920b |||||||| |||| 00| 0 eng d
020 ## - INTERNATIONAL STANDARD BOOK NUMBER
ISBN 978-93-5480-319-2
041 ## - LANGUAGE CODE
Language code of text/sound track or separate title eng
082 ## - DEWEY DECIMAL CLASSIFICATION NUMBER
Classification number 362.1
100 ## - MAIN ENTRY--AUTHOR NAME
Personal name GAUTAM, DR. HEMENDRA & TIWARI, DR. SHASHANK AND KUMAR DR. BIPIN AND ANSARI, SALALUDDIN
245 ## - TITLE STATEMENT
Title HOSPITAL AND CLINICAL PHARMACY [ D.PHARMA. 2ND YEAR]
250 ## - EDITION STATEMENT
Edition statement 1ST RE-PRINT ED. 2024
260 ## - PUBLICATION, DISTRIBUTION, ETC. (IMPRINT)
Place of publication LUCKNOW
Name of publisher THAKUR PUBLICATION PVT.LTD
300 ## - PHYSICAL DESCRIPTION
Number of Pages 256;P
650 ## - SUBJECT ADDED ENTRY--TOPICAL TERM
Topical Term PHARMACY
General subdivision D.PHARMA
942 ## - ADDED ENTRY ELEMENTS (KOHA)
Koha item type Books
Holdings
Lost status Damaged status Collection code Home library Current library Shelving location Date acquired Source of acquisition Cost, normal purchase price Serial Enumeration / chronology Full call number Accession Number Koha item type
    PHARMACY JRU Library JRU Library SHELF-72-C 13/09/2024 PURCHASE 280.00 NEW ARRIVALS SHELF 362.1 28580 Books
    PHARMACY JRU Library JRU Library SHELF - 19 - H 13/09/2024 PURCHASE 280.00   362.1 28581 Books